Music Quiz

Random Music or Lyrics Quiz

'Strong' Lyrics by One Direction Quiz Stats

 Plays Quiz not verified by Sporcle

Challenge
Share
Tweet
Embed
Score 0/222 Timer 10:00
0 Plays Today
% Correct
you
99.7%
ya,
99.7%
you
99.7%
you
99.7%
you
99.7%
ya,
99.7%
you
99.7%
you
99.7%
you
99.7%
ya,
99.7%
you
99.7%
I
98.5%
I
98.5%
I
98.5%
I
98.5%
I
98.5%
I
98.5%
oh.
98.5%
I
98.5%
I
98.5%
I
98.5%
[CHORUS] x2
98.5%
make
97%
make
97%
make
97%
make
97%
it.
96.7%
it.
96.7%
it
96.7%
it?
96.7%
strong.
96.7%
it
96.7%
strong.
96.7%
it,
96.7%
strong.
96.7%
it
96.7%
strong.
96.7%
it
96.7%
so
96.5%
So
96.5%
me
96.5%
so
96.5%
so
96.5%
me
96.5%
me
96.5%
so
96.5%
so
96.5%
So
96.5%
me
96.5%
me
96.5%
so
96.5%
so
96.5%
do
96%
your
95.7%
your
95.7%
I'm
95.5%
I'm
95.5%
I'm
95.5%
I'm
95.5%
I'm
95.5%
I'm
95.5%
I'm
95.5%
I'm
95.5%
I'm
95.5%
I'm
95.5%
I'm
95.5%
I'm
95.5%
I'm
95.5%
is
95.2%
Is
95.2%
Is
95.2%
Is
95.2%
Is
95.2%
Is
95.2%
% Correct
Is
95.2%
My
95%
My
95%
my
95%
if
94.7%
need
94.7%
if
94.7%
need
94.7%
Need
94.7%
if
94.7%
need
94.7%
to
94.5%
to
94.5%
to
94.5%
with
94.5%
not
94.5%
not
94.5%
lo-o-o-ove.
94.5%
not
94.5%
with
94.5%
wrong?
94.5%
wrong?
94.5%
love
94.5%
to
94.5%
to
94.5%
not
94.5%
lo-o-o-ove.
94.5%
not
94.5%
with
94.5%
wrong?
94.5%
wrong?
94.5%
to
94.5%
to
94.5%
not
94.5%
lo-o-o-ove.
94.5%
not
94.5%
with
94.5%
wrong?
94.5%
wrong?
94.5%
like
94.2%
say
94.2%
like
94.2%
no
94.2%
sorry
94.2%
say
94.2%
when
94.2%
that
94.2%
That
94.2%
sorry
94.2%
say
94.2%
when
94.2%
that
94.2%
sorry
94.2%
say
94.2%
when
94.2%
that
94.2%
Don't
93.7%
don't
93.7%
don't
93.7%
don't
93.7%
of
93.5%
of
93.5%
of
93.5%
of
93.5%
care,
93.2%
scared
93.2%
care,
93.2%
scared
93.2%
care,
93.2%
scared
93.2%
two
92.9%
but
92.9%
weaker.
92.9%
But
92.9%
% Correct
but
92.9%
weaker.
92.9%
but
92.9%
weaker.
92.9%
ships
92.7%
hands,
92.4%
hands,
92.4%
'Cause
92.4%
'Cause
92.4%
'cause
92.4%
'Cause
92.4%
up
92.2%
heart,
91.4%
heart,
91.4%
heart
91.4%
heart,
91.4%
tied
90.4%
hard
89.2%
try
88.2%
trying
88.2%
on
88.2%
on
88.2%
on
88.2%
Why
87.7%
us
87.7%
drifting
87.2%
break
86.1%
hold
85.9%
hold
85.9%
save
85.6%
bookends.
85.6%
from,
84.9%
from
84.9%
waves
84.4%
between
84.4%
anything
83.9%
weightless,
83.4%
Pages
83.4%
it's
83.1%
end.
82.9%
falling
82.9%
always
82.6%
always
82.6%
keep
82.4%
baby,
82.1%
I'll
81.4%
apart.
81.4%
we're
81.1%
I'd
80.9%
words
80.9%
many
80.4%
written
79.6%
gone,
79.3%
saying.
78.8%
wait
78.6%
People
78.3%
tight
77.8%
wanna
77.6%
Think
77.6%
sit
76.6%
till
76.6%
how
76.1%
much
76.1%
running
75.8%
been
75.6%
there's
75.3%
breaking.
74.3%
nothing
74.3%
wasted.
73.3%
escape
73.3%
stop
73%
their
72.3%
that's
71.5%
move
70.8%

You're not logged in!

Compare scores with friends on all Sporcle quizzes.
Join for Free
OR
Log In

You Might Also Like...

Show Comments

Extras

Top Quizzes Today


Score Distribution

Your Account Isn't Verified!

In order to create a playlist on Sporcle, you need to verify the email address you used during registration. Go to your Sporcle Settings to finish the process.

Report this User

Report this user for behavior that violates our Community Guidelines.

Details: